LEADER 01989nam 2200493 450 001 9910157842403321 005 20230807212129.0 010 $a0-19-936473-7 010 $a0-19-936480-X 035 $a(CKB)3710000000264279 035 $a(SSID)ssj0001369144 035 $a(PQKBManifestationID)12545637 035 $a(PQKBTitleCode)TC0001369144 035 $a(PQKBWorkID)11288624 035 $a(PQKB)10629801 035 $a(StDuBDS)EDZ0000898814 035 $a(MiAaPQ)EBC5825716 035 $a(EXLCZ)993710000000264279 100 $a20190731d2015 uy 0 101 0 $aeng 135 $aur||||||||||| 181 $ctxt 182 $cc 183 $acr 200 10$aFamily law in America /$fSanford N. Katz 205 $aSecond edition. 210 1$aNew York, NY :$cOxford University Press,$d[2015] 210 4$dİ2015 215 $a1 online resource 300 $aBibliographic Level Mode of Issuance: Monograph 311 $a0-19-975922-7 320 $aIncludes bibliographical references and index. 330 8 $aThis title examines family law in America and the tension between individual autonomy and governmental regulation. The book analyzes the definitions of formal marriage and informal marriage, the extent to which relationships established before marriage are regulated, and how marriage is being redefined to take into account equality of the sexes. Also examined are divorce procedures, alimony, assignment of property upon divorce, determining what is marital property and what is separate property, child custody, and how additional models are being developed to take into account new family forms. 606 $aDomestic relations$zUnited States 615 0$aDomestic relations 676 $a346.7301/5 700 $aKatz$b Sanford N.$f1933-$0277340 801 0$bMiAaPQ 801 1$bMiAaPQ 801 2$bMiAaPQ 906 $aBOOK 912 $a9910157842403321 996 $aFamily Law in America$92747125 997 $aUNINA